01282nab a22002417a 4500003000400000005001700004008004100021040001100062100002000073245011000093260007300203300001300276500015400289505019900443505008900642650003000731650002300761650002600784650002900810650002900839650002700868773014500895OSt20250218120525.0190603e xxum|||| |||| 00| 0 spa d cPJ-TDF aMuñiz, Carlos13aRealidades, anomalías y ficciones del consentimiento médico informado en Argentina /cCarlos Muñiz. cCiudad Autónoma de Buenos Aires :aThomson Reuters La Ley, b2024. ap. 19-29 aCita: TR LALEY AR/DOC/1986/2024. Publicado en: R.C.C. y C. 2024 (Septiembre-Octubre). EDICIÓN ESPECIAL: XXIX Jornadas Nacionales de Derecho Civil. aSumario: I. Introducción.— II. Consentimiento informado: breve definición y características esenciales según la normativa argentina. Cuestiones problemáticas.— III. Conclusiones.  t¿Te interesa el texto completo? Solicitalo al correo: koha@justierradelfuego.gov.ar 0aPERSONAS CON DISCAPACIDAD 0aDERECHO A LA SALUD 0aDERECHOS DEL PACIENTE 0aCONSENTIMIENTO INFORMADO 0aRESPONSABILIDAD MÉDICA 0aDEBER DE INFORMACIÓN0 02713dCiudad Autónoma de Buenos Aires : Thomson Reuters La Ley, 2015-tRevista Código Civil y Comercial. Nº 5 - Septiembre-Octubre 2024